000
00278nam a2200109Ia 4500
008
220204s9999 xx 000 0 und d
082
_a
635.91.075
_b
STE
100
_a
Stevenson, Violet
245
0
_a
Plants and flowers in the home
260
_a
New York
_b
Exter
_c
1983
942
_c
BK
999
_c
38283
_d
38283